Vplyv COVID-19 na finančnú situáciu vo vybranom podniku bakalárska práca

Enregistré dans:
Détails bibliographiques
Auteur principal: Jenőfiová, Nora
Collectivité auteur: Podnikovohospodárska fakulta EU so sídlom v Košiciach. Katedra kvantitatívnych metód
Autres auteurs: Hudák, Matej, 1984-
Format: Livre
Langue:slovaque
Publié: Košice 2024
Tags: Ajouter un tag
Pas de tags, Soyez le premier à ajouter un tag!

MARC

LEADER 00000nbm a2200000 4500
001 0301481
005 20250224095002.0
041 0 |a slo 
044 |a SK 
245 1 0 |a Vplyv COVID-19 na finančnú situáciu vo vybranom podniku  |b bakalárska práca  |c Nora Jenőfiová ; školiteľ: Matej Hudák 
264 1 |a Košice  |c 2024 
300 |a 47 s. 
100 1 |a Jenőfiová, Nora 
700 1 |a Hudák, Matej, 1984- 
710 2 |a Podnikovohospodárska fakulta EU so sídlom v Košiciach. Katedra kvantitatívnych metód